LEADER 00727nam a2200193 i 4500 001 000000172926 003 CaOOAMICUS 005 20080701000000.0 008 080701s1905 gw u000 u ger u 013 $a150377 040 $aSeMil$bita 245 10$a[1794-1797]. 260 $aJena :$bEugen Diederichs,$c1905. 300 $aXXXII, 513 p. ;$c19 cm. 773 0 $aSchiller, Friedrich <1759-1805>$tBriefwechsel zwischen Schiller und Goethe.$dJena : Eugen Diederichs, 1905.$g1$w()19712 850 $aSeMil 852 $aSeMil$W1$xVenegono$y1$m1W VI 55$j123777$B123777$CSeMilBibl$Z2$F134872 $81 996 $6245$a[1794-1797]$9(OLS)http://semarc/title/247747 996 $6260$aJena :$bEugen Diederichs$9(OLS)http://semarc/publisher/35177 LEADER 01028nam a2200253 i 4500 001 000000224620 003 CaOOAMICUS 005 20131106000000.0 008 131106s2010 it u000 u ita u 013 $a203518 040 $aSeMil$bita 100 1 $aMila, Massimo,$d<1910-1988>.$0(OLS)http://semarc/name/8765 245 10$aLettere editoriali /$cMassimo Mila ; a cura di Tommaso Munari ; trascrizione di Giovanna Andrea Tira. 260 $aTorino :$bEinaudi,$c2010. 300 $aXX, 137 p. :$bill. ;$c22 cm. 500 $aEd. di 1000 esempl. num. - Fondo card. C. M. Martini. 700 1 $aTira, Giovanna Andrea.$0(OLS)http://semarc/name/78178 700 1 $aMunari, Tommaso.$0(OLS)http://semarc/name/78177 850 $aSeMil 852 $aSeMil$W1$xVenegono$y1$m3M III 310$j241790$B174966$CSeMilBibl$Z2$F185555 $81 941 1 $a4 961 $aLascito: Martini Card. Carlo Maria 996 $6245$aLettere editoriali$9(OLS)http://semarc/title/321898 996 $6260$aTorino :$bEinaudi$9(OLS)http://semarc/publisher/29884